000 00578nam a22001697a 4500
008 230502b |||||||| |||| 00| 0 eng d
040 _aNational Science Library
_cNational Science Library
080 _a669.5
_bJ9
245 _aZinc:
_bThe science and technology of the metal, its alloys and compounds
260 _aNew York:
_bReinhold Publishing Corporation,
_c1959
300 _axii, 721p.
490 _aAmerican chemical society monograph series
650 _aChemical technology
653 _aZinc oxide
700 _aMathewson, C H (Ed.)
942 _2udc
_cMON
999 _c25944
_d25944